000 01010cam a22001934a 4500
005 20250605164024.0
008 250528s ||||||||||||||||||||||||d
035 _a16465
040 _aGR-AtMCL
_bgre
_dGR-AtMCL
_eAACR2
245 1 _aThe Mind and Work of Paul Klee
260 _bFaber And Faber,
_c1967
300 _a216
505 0 _aIntroduction, Early Years, Years of Apprenticeship, The European Phalanx, The Gift of Colour, The Master at the Bauhaus, The Pedagogical Sketchboard, Ways of Studying Nature, A Picture is Born, The Heart of a Picture, The Handling pf Form, Towards the Angels, Bibliography, Index.
520 _aIntroduction, Early Years, Years of Apprenticeship, The European Phalanx, The Gift of Colour, The Master at the Bauhaus, The Pedagogical Sketchboard, Ways of Studying Nature, A Picture is Born, The Heart of a Picture, The Handling pf Form, Towards the Angels, Bibliography, Index.
700 1 _aHaftmann Werner
_92562
942 _cBK
999 _c1963
_d1963